| 000 -LEADER |
| fixed length control field |
00871cam a2200229 a 4500 |
| 005 - DATE AND TIME OF LATEST TRANSACTION |
| control field |
20131028110943.0 |
| 008 - FIXED-LENGTH DATA ELEMENTS--GENERAL INFORMATION |
| fixed length control field |
090716s2008 xn b 000 0 alb |
| 020 ## - INTERNATIONAL STANDARD BOOK NUMBER |
| International Standard Book Number |
9989582831 |
| 041 0# - LANGUAGE CODE |
| Language code of text/sound track or separate title |
alb |
| Language code of summary or abstract/overprinted title or subtitle |
eng |
| -- |
ger |
| 080 ## - UNIVERSAL DECIMAL CLASSIFICATION NUMBER |
| Universal Decimal Classification number |
327 |
| Common auxiliary subdivision |
(496.51)(4) |
| 100 1# - Rafti |
| Rafti |
Ukshini, Sylë |
| 245 10 - TITLE STATEMENT |
| Title |
Kosova në politikën e jashtme të BE-së 1991-2007 / |
| Statement of responsibility, etc |
Sylë Ukshini. |
| 260 ## - |
| -- |
Shkup ; |
| -- |
Prishtinë : |
| -- |
Logos-A, |
| -- |
2008. |
| 300 ## - |
| -- |
338 f. ; |
| -- |
24 cm. |
| 500 ## - |
| -- |
Parathënie : f. [9] - 16 |
| 504 ## - BIBLIOGRAPHY, ETC. NOTE |
| Bibliography, etc |
Bibliografia : f. [317]-338. |
| 546 ## - |
| -- |
Teksti në gjuhën shqipe me rezyme në gjuhën angleze dhe gjermane. |
| 650 ## - |
| -- |
Marrëdhënie ndërkombëtare |
| -- |
Kosova |
| -- |
Bashkimi Europian |
| 651 #0 - |
| -- |
European Union countries |
| -- |
Marrëdhënie ndërkombëtare |
| -- |
Kosova |
| 651 #0 - |
| -- |
Kosovo (Republic) |
| -- |
Marrëdhënie ndërkombëtare |
| -- |
Vendet e Unionit Europian |
| 942 ## - ADDED ENTRY ELEMENTS (KOHA) |
| Source of classification or shelving scheme |
|
| Item type |
Books |